000 00779nam a2200241Ia 4500
003 OSt
005 20220926011345.0
006 a|||||r|||| 00| 0
007 ta
008 220923b |||||||| |||| 00| 0 eng d
020 _a9780691143781
_c2296.00
037 _b115, 27/02/2018, AVIVA BOOKS COMPANY
_cGeneral Book
040 _aRTL
_cRTL
_beng
041 _2eng
_aeng
082 _aX64, Q6
100 _aGOETZMANN William N
_9314044
245 0 _aMoney changes everything
_b How finance made civilization possible
260 _aNew Jersey
_bPrinceton University Press
_c2016
300 _aviii,584p
_ccm.
650 _aEconomics
942 _hX64, Q6
_cGB
_2CC
999 _c619849
_d619849